| 000 | 00361 a2200133 4500 | ||
|---|---|---|---|
| 001 | 92282 | ||
| 082 | _aPR 2536 | ||
| 090 |
_c44230 _d44229 |
||
| 100 | _aNoor ul Ain; Prof Jahangir Khan Kayani and Irfan Shahid (Advisors) | ||
| 245 |
_aAESA Radar Antenna Design _c78 "B" EC |
||
| 260 |
_aIslamabad _bNUST _c2015 |
||
| 300 | _a64p. | ||
| 500 | _aBE Project Reports | ||
| 942 |
_aCAE NUST _kPR 2536 |
||
| 999 |
_c327355 _d327355 |
||